The Ultimate Stranger Things Quiz 🎬 - Statistics

General Stats
  • This quiz has been taken 305 times
  • The average score is 12 of 30
Answer Stats
Hint Answer % Correct
Where is the creature from who abducted Will Byers at the start of season 1? The Upside Down
81%
Who is reminded of Will when listening to “Should I Stay or Should I Go”? Jonathan
80%
In what decade is the show set? 1980
71%
Who has a turtle called Yertle? Dustin
71%
In which season of Stranger Things did Eleven lose her powers? 3
62%
In what year was the first episode of Stranger Things released? 2016
61%
Eleven is well-known for eating a specific food; what food is it? Eggos
60%
How old was Will Byers when he disappeared? 12
59%
Where state does the story occur? Indiana
59%
What do the boys call the terrifying, faceless creature? Demogorgon
56%
What is Barb's surname? Holland
55%
What is the brand of soda that is on the can which Eleven crushes with her mind? Coca Cola
54%
What is putting stores out of business in season 3? Starcourt Mall
53%
What is the name of the Russian scientist who gets kidnapped by Jim and Joyce? Alexei
52%
In season 2, Dustin sets the high score on what video game? Dig Dug
50%
What is the name of Eleven’s mother? Terry Ives
50%
In what month and year does Will Byers go missing? November 1983
39%
What type of camp does Dustin attend? Science
37%
Who is forced to trigger an explosion to close the gate? Joyce
35%
In the TV series "Stranger Things", what job does Jim Hopper have? Chief of Police
25%
The rural back road Eleven and the boys often use as an escape route is called ____ Mirkwood
20%
What is the name of the journalist that Jonathan and Nancy team up with? Murray Bauman
19%
What does Joyce use to paint an alphabetic board on her wall? Christmas lights
18%
How much money do Joyce and Murray bring to Alaska for ransom? 40,000
16%
What does Jonathan give his younger brother as Will recovers in the hospital? Mixtape
14%
Who was the first character to enter the Upside Down world? Nancy wheeler
12%
What California town do the Byers family and Eleven move to? Lenora Hills
11%
Which horror legend plays Victor Creel? Robert Englund
5%
Where does Season 1's suspenseful opening scene take place? Laboratory
4%
In episode 4, what does Will use to channel his voice through? Mike’s walkie talkie
1%
No matching quizzes found
Score Distribution
Percent of People with Each Score
Percentile by Number Answered
Your Score History
You have not taken this quiz